| 000 | 00471nam a22001817a 4500 | ||
|---|---|---|---|
| 005 | 20170616120115.0 | ||
| 010 | _aENG-118712 | ||
| 020 |
_a9789380925509 _c225.00 |
||
| 035 | _aEN-102244 | ||
| 037 | _bDBAD/PUB | ||
| 082 | _aS | ||
| 100 | _aRebecca F. John | ||
| 245 |
_aClown's shoes / _cby Rebecca F. John |
||
| 260 |
_aKolkata _bBee Books _c2017 |
||
| 270 | _a1/1 Brindaban Mallick Lane Kolkata-700009 | ||
| 300 |
_a136p _c21cm.(pbk) |
||
| 942 |
_2ddc _cEN _hS _mJOH |
||
| 999 |
_c141204 _d141204 |
||